000 00680nam a2200289Ia 4500
005 20260324121405.0
008 008 260324s9999 xx 000 0 eng d
020 _a9780203793442
037 _aEBOOK
040 _aCRL
040 _beng
040 _cCRL
041 _2eng
041 _aeng
084 _qCRL
100 _aWojciech W. Gasparski; Tufan Orel
_91162334
245 0 _aDesignology
245 0 _bStudies on Planning for Action
260 _bTaylor and Francis
260 _c2014
365 _a
365 _b230
856 _uhttp://www.taylorfrancis.com/books/9780203793442
942 _cEBOOK
999 _c1754402
_d1754402